Είμαι Ο'ΚΕΥ - είσαι Ο'ΚΕΥ : ψυχολογία των καθημερινών ανθρώπινων σχέσεων

Saved in:
Bibliographic Details
Main Author: Harris, Thomas L. 1931-
Format: Book
Language:Greek
Published: Αθήνα : Καστανιώτης, 1988
Subjects:
Tags: Add Tag
No Tags, Be the first to tag this record!

MARC

LEADER 00000cam a2200000 i 4500
001 1/48786
008 960821s1988 gr | ||| |||| ||gre||
020 |a 9600300542 
035 |l 10026728 
040 |a GR-MY-UA  |b gre  |e aacr 
041 0 |a gre 
082 0 |a 158.2 
100 1 |a Harris, Thomas L.  |d 1931- 
245 1 0 |a Είμαι Ο'ΚΕΥ - είσαι Ο'ΚΕΥ :  |b ψυχολογία των καθημερινών ανθρώπινων σχέσεων /  |c Thomas L. Harris 
260 |a Αθήνα :   |b Καστανιώτης,   |c 1988 
300 |a 347 σ. 
650 0 0 |a Interpersonal relations  |x Psychological aspects. 
650 0 0 |a Psychology, Applied. 
650 0 0 |a Self-help techniques. 
852 |a INST  |b CHIOS  |e 19960821  |h 158.2 HAR  |p 005200009189  |q 005200009189  |t BK  |y 0 
909 |a Χ  |b 015916